| 000 | 00632nam a22001937a 4500 | ||
|---|---|---|---|
| 005 | 20251108165909.0 | ||
| 008 | 250721s1982 xx 000 0 ara d | ||
| 082 | 1 | 4 | _a909.4919/مدو |
| 100 | 1 | _aالمدور، مروان | |
| 245 | 1 | 0 | _aالأرمن عبر التاريخ / |
| 264 | 1 |
_aبيروت : _bدار مكتبة الحياة، _c1982. |
|
| 300 | _a716ص | ||
| 650 | 1 | 7 | _aالأرمن |
| 650 | 1 | 7 | _aتاريخ أرمينيا القديم |
| 650 | 1 | 7 | _aالحم الفارسي لأرمينيا 549-331 ق .م |
| 650 | 1 | 7 | _aالحكم الميدي لأرمينيا 612-549 ق . م |
| 942 |
_2ddc _cBK |
||
| 999 |
_c34185 _d34185 |
||